Carossa / (Record no. 117636)

MARC details
000 -LEADER
campo de control de longitud fija 00525nam a2200193 4500
001 - NÚMERO DE CONTROL
campo de control 117636
003 - IDENTIFICADOR DE NÚMERO DE CONTROL
campo de control ES-MaACL
005 - FECHA Y HORA DE LA ÚLTIMA TRANSACCIÓN
campo de control 20230906190937.0
007 - CAMPO FIJO DE DESCRIPCIÓN FÍSICA--INFORMACIÓN GENERAL
campo de control de longitud fija t|
008 - DATOS DE LONGITUD FIJA--INFORMACIÓN GENERAL
campo de control de longitud fija 070214s1944 it r ||||1| ita d
100 1# - ENTRADA PRINCIPAL--NOMBRE DE PERSONA
Nombre de persona Paoli, Rodolfo.
9 (RLIN) 88847
245 10 - MENCIÓN DEL TÍTULO
Título Carossa /
Mención de responsabilidad, etc. Rodolfo Paoli.
260 ## - PUBLICACIÓN, DISTRIBUCIÓN, ETC.
Lugar de publicación, distribución, etc. Padova :
Nombre del editor, distribuidor, etc. Cedam,
Fecha de publicación, distribución, etc. 1944.
300 ## - DESCRIPCIÓN FÍSICA
Extensión 91 p. ;
Dimensiones 20 cm.
490 1# - MENCIÓN DE SERIE
Mención de serie Guide di cultura contemporanea
830 0# - PUNTO DE ACCESO ADICIONAL DE SERIE-TÍTULO UNIFORME
Título uniforme Guide di cultura contemporanea
9 (RLIN) 186982
852 ## - LOCALIZACIÓN
Ubicación ES-MaACL
Número de control de estantería D-7911
Sublocalización o colección R.29568
Holdings
Estatus retirado Estado de pérdida Estado de daño No para préstamo Biblioteca de origen Biblioteca actual Ubicación en estantería Fecha de adquisición Fuente de adquisición Total de préstamos Signatura topográfica completa Código de barras Visto por última vez Precio de reemplazo Tipo de ítem Koha
        Biblioteca del Ateneo de Madrid Biblioteca del Ateneo de Madrid Sala Valle Inclán 17/01/2008     D-7911 901122642 23/02/2023 23/02/2023 Libro impreso